000 00845nam a2200229Ia 4500
005 20241129111345.0
008 241129s9999||||xx |||||||||||||| ||und||
037 _aTB
040 _aCRL
_bhin
_cCRL
041 _ahin
_2hin
084 _aQ11:21, 152R3
_qCRL
100 _aशास्त्रीए राकेशए अनुण्
_9159621
245 0 _aऋक्सूक्तकलिका
_cशास्त्रीए राकेशए अनुण्
260 _a, भारत
_bदिल्लीए चौखम्भा ओरियन्टालियाए
_c2023
300 _a334पृ0
365 _aINR
_b425
490 _axksdqynkl laLd`r xzUFkekyk( 196
_vभाग 2
546 _aTranslated from Sanskrit to Hindi
650 _aReligion
942 _cTB
_hQ11:21, 152R3
999 _c1230090
_d1230090